Internationalization of Slovak Family Enterprises - Territorial Approach

Podnikateľská činnosť je v súčasnosti konfrontovaná s veľkým množstvom rôznych vplyvov, ktoré ovplyvňujú výkonnosť obchodných jednotiek. Podniky čelia novým situáciám v dôsledku meniacich sa podmienok na trhu, na ktoré musia reagovať. Sektor malého a stredného podnikania dynamicky a veľmi citlivo re...

Descripción completa

Guardado en:
Detalles Bibliográficos
Autor principal: Mura, Ladislav, 1979-
Formato: Capítulo de libro
Lenguaje:inglés
Materias:
Etiquetas: Agregar Etiqueta
Sin Etiquetas, Sea el primero en etiquetar este registro!

MARC

LEADER 00000naa a2200000 4500
001 0304181
005 20250714115647.8
041 0 |a eng 
044 |a CZ 
245 1 0 |a Internationalization of Slovak Family Enterprises - Territorial Approach  |c Ladislav Mura 
520 |a Podnikateľská činnosť je v súčasnosti konfrontovaná s veľkým množstvom rôznych vplyvov, ktoré ovplyvňujú výkonnosť obchodných jednotiek. Podniky čelia novým situáciám v dôsledku meniacich sa podmienok na trhu, na ktoré musia reagovať. Sektor malého a stredného podnikania dynamicky a veľmi citlivo reaguje na zmeny trhu, kde vzniká aj množstvo rodinných firiem. Konkurencia medzi hráčmi na trhu núti manažment aj rodinné podniky premýšľať o nových príležitostiach s cieľom zabezpečiť ich rast. Výsledkom je, že malé a stredné podniky získavajú čoraz väčší význam na medzinárodných trhoch. Cieľom tejto štúdie je identifikovať súčasný trend v medzinárodnej aktivite rodinných podnikov z hľadiska ich územnej pôsobnosti. Predložená štúdia okrem teoretických východísk prináša aj výsledky empirického prieskumu. 
610 2 0 |a podnikanie medzinárodné 
610 2 0 |a podnik rodinný 
610 2 0 |a podnik malý 
610 2 0 |a podnik stredný 
610 2 0 |a prostredie podnikateľské 
610 2 0 |a internacionalizácia 
610 2 0 |a konkurencieschopnosť 
610 2 0 |a trh medzinárodný 
610 2 0 |a Slovensko 
100 1 |a Mura, Ladislav, 1979-